<?xml version="1.0" encoding="UTF-8"?><?xml-stylesheet type="text/xsl" href="static/style.xsl"?><OAI-PMH xmlns="http://www.openarchives.org/OAI/2.0/" xmlns:xsi="http://www.w3.org/2001/XMLSchema-instance" xsi:schemaLocation="http://www.openarchives.org/OAI/2.0/ http://www.openarchives.org/OAI/2.0/OAI-PMH.xsd"><responseDate>2026-04-18T00:35:48Z</responseDate><request verb="GetRecord" identifier="oai:www.recercat.cat:2117/188684" metadataPrefix="marc">https://recercat.cat/oai/request</request><GetRecord><record><header><identifier>oai:recercat.cat:2117/188684</identifier><datestamp>2025-07-22T16:45:41Z</datestamp><setSpec>com_2072_1033</setSpec><setSpec>col_2072_452951</setSpec></header><metadata><record xmlns="http://www.loc.gov/MARC21/slim" xmlns:dcterms="http://purl.org/dc/terms/" xmlns:xsi="http://www.w3.org/2001/XMLSchema-instance" xmlns:doc="http://www.lyncode.com/xoai" xsi:schemaLocation="http://www.loc.gov/MARC21/slim http://www.loc.gov/standards/marcxml/schema/MARC21slim.xsd">
   <leader>00925njm 22002777a 4500</leader>
   <datafield ind2=" " ind1=" " tag="042">
      <subfield code="a">dc</subfield>
   </datafield>
   <datafield ind2=" " ind1=" " tag="720">
      <subfield code="a">Gimeno Bermudo, Edgar</subfield>
      <subfield code="e">author</subfield>
   </datafield>
   <datafield ind2=" " ind1=" " tag="260">
      <subfield code="c">2006-06</subfield>
   </datafield>
   <datafield ind2=" " ind1=" " tag="520">
      <subfield code="a">Este proyecto consiste en una ausculatación geométrica de los carriles grúa pórtico situados en la terminal de contenedores TCB del puerto Autónomo de Barcelona. Dicho estudio se ha efectuado debido a evidentes deformaciones tanto en los carriles de las grúas como en el asfalto colindante a las vías, como se puede observar en la fotografía.&#xd;
El estudio se centra en los tres carriles y dos vías, ya que uno de los carriles es común a las dos vías. Una de las vías tiene un ancho de 15.24 m y la otra tiene 30.48 m, ambas tienen una longitud de 940 m aproximadamente.&#xd;
Para realizar el control se ha realizado una red formada por ocho vértices a lo largo del recorrido de los carriles. Los vértices, V1, V2, V3, V4, V5, V6, V7, V0, están materializados con unos pilares metálicos y con centrado forzoso, como se verá más adelante.</subfield>
   </datafield>
   <datafield tag="653" ind2=" " ind1=" ">
      <subfield code="a">Àrees temàtiques de la UPC::Enginyeria civil::Infraestructures i modelització dels transports::Infraestructures i transport ferroviari</subfield>
   </datafield>
   <datafield tag="653" ind2=" " ind1=" ">
      <subfield code="a">Railroads -- Rails</subfield>
   </datafield>
   <datafield tag="653" ind2=" " ind1=" ">
      <subfield code="a">Port Autònom de Barcelona</subfield>
   </datafield>
   <datafield tag="653" ind2=" " ind1=" ">
      <subfield code="a">Ferrocarrils -- Vies</subfield>
   </datafield>
   <datafield ind2="0" ind1="0" tag="245">
      <subfield code="a">Auscultación geométrica de los carriles grúa del puerto de Barcelona</subfield>
   </datafield>
</record></metadata></record></GetRecord></OAI-PMH>